Optimalizácia chodu rektifikačných kolón na prevádzke Superfrakcionácia rafinátu Slovnaft, a.s. c Dávid Kállay

Guardado en:
Detalles Bibliográficos
Autor principal: Kállay, Dávid
Formato: Libro
Lenguaje:eslovaco
Publicado: Bratislava STU FCHPT 2009
Acceso en línea:Ver en el OPAC
Etiquetas: Agregar Etiqueta
Sin Etiquetas, Sea el primero en etiquetar este registro!

MARC

LEADER 00000nam a2200000 a 4500
005 20260127133952.0
008 090703 2009 xo 000 0 slo d
035 |a vtls009624036 
039 9 |a 200907030941  |b mschk03  |y 200907030934  |z mschk03 
040 |a STUSCHK1  |b slo  |c STUSCHK1  |e AACR2 
100 1 |a Kállay, Dávid 
245 1 |a Optimalizácia chodu rektifikačných kolón na prevádzke Superfrakcionácia rafinátu Slovnaft, a.s. c Dávid Kállay 
260 |a Bratislava  |b STU FCHPT  |c 2009 
300 |a 83 s.  |b il.  |c 30cm 
500 |a Obháj.: 9.6. 2009 
500 |a Študijný program: chemické inžinierstvo a riadenie procesov 
500 |a Zameranie: chemické inžinierstvo 
500 |a Miesto vypracovania: Oddelenie chemického a biochemického inžinierstva, FCHPT STU 
500 |a Študijný odbor: 5.2.17 chemické inžinierstvo 
910 |a SCHK95 
999 |c 1138  |d 1138